Paul Huxley /

"Paul Huxley RA (b.1938) has enjoyed a distinguished career both as a painter and a teacher. Huxley's fascinating artistic life, expertly surveyed by Jeremy Lewison, is at last given the attention that it deserves in this, the first monograph on the artist. Huxley's early interest in...

Full description

Bibliographic Details
Main Author: Lewison, Jeremy (Author)
Other Authors: Westley, Hester R. (Contributor)
Format: Book
Language:English
Published: London : Lund Humphries, 2024.
Subjects:

MARC

Tag First Indicator Second Indicator Subfields
LEADER 00000cam a2200000 i 4500
001 in00005654721
007 t|
008 240128t20242024enka b 001 0beng d
005 20250802185330.0
035 |a (OCoLC)on1419057787 
040 |a YDX  |b eng  |e rda  |c YDX  |d AVA  |d OCLCO  |d EYM  |d OCLCO  |d GZM  |d UKMGB  |d CDX  |d OCLCO 
019 |a 1485355409 
020 |a 9781848226548 
020 |a 1848226543 
024 8 |a CIPO000130328 
035 |a (OCoLC)1419057787  |z (OCoLC)1485355409 
050 1 4 |a ND497.H95  |b L49 2024 
082 0 4 |a 759.2  |a B  |2 23/eng/20241218 
100 1 |a Lewison, Jeremy,  |e author.  |1 https://id.oclc.org/worldcat/entity/E39PCjHFcVkXrRvcmbHqBRWKq3 
245 1 0 |a Paul Huxley /  |c Jeremy Lewison ; with a chronology by Hester Westley. 
264 1 |a London :  |b Lund Humphries,  |c 2024. 
264 4 |c ©2024 
300 |a 256 pages :  |b illustrations (chiefly colour) ;  |c 30 cm. 
336 |a text  |b txt  |2 rdacontent 
336 |a still image  |b sti  |2 rdacontent 
337 |a unmediated  |b n  |2 rdamedia 
338 |a volume  |b nc  |2 rdacarrier 
504 |a Includes bibliographical references (pages 245-248) and index. 
520 |a "Paul Huxley RA (b.1938) has enjoyed a distinguished career both as a painter and a teacher. Huxley's fascinating artistic life, expertly surveyed by Jeremy Lewison, is at last given the attention that it deserves in this, the first monograph on the artist. Huxley's early interest in abstraction chimed with the dynamism that pulsed through London's art scene in the 1960s. Recognised as a new talent by pioneering curator Bryan Robertson, Huxley enjoyed early success in exhibitions including The New Generation, which opened at the Whitechapel Art Gallery in 1964. Building from this positive critical reception, and immersing himself in the vibrant artistic communities of London and New York, Huxley built a career characterised by an instinct to push boundaries and find new ways to advance the language of abstract painting. Constantly evolving, the artist's rich body of work, highlights of which are presented here, stands as testament to a life committed to tirelessly investigating and challenging form, space and colour"--  |c Provided by publisher. 
600 1 0 |a Huxley, Paul. 
650 0 |a Painters  |z Great Britain  |v Biography. 
650 6 |a Peintres  |z Grande-Bretagne  |v Biographies. 
655 7 |a Biographies.  |2 lcgft 
655 7 |a Biographies.  |2 rvmgf 
700 1 |a Westley, Hester R.,  |e contributor.  |1 https://id.oclc.org/worldcat/entity/E39PCjKvCJV6xJHHhmFjhDvpKd 
852 8 |b POD  |z This title is available for the library to purchase for your use. Click the "Purchase It For Me" button to place a request. This item will take 5-10 business days to arrive. 
955 |a Print PDA title 
961 |m 565730 
999 f f |s f6582d73-b53f-4c35-b052-64ab8586096f  |i ec31e4fb-f9cc-433a-b7ef-bf70a5adf4ab  |t 0 
952 f f |a Texas A&M University  |b College Station  |c Sterling C. Evans Library  |d Purchase on Demand  |t 0  |e ND497.H95 L49 2024  |h Library of Congress classification 
998 f f |a ND497.H95 L49 2024  |t 0  |l Purchase on Demand